00868nam a2200217 i 450000100060000000300090000600500170001500700030003200800410003508000260007624501610010226000340026330000220029761000460031965000360036570000400040171000460044185200210048799900170050895201250052544828ES-MaACL20250809035211.0t|030324s1850 sp ||||1| spa d a343(460)"1850"(094.4)00aCódigo penal de España b: refundido por la nueva ley de 30 de junio de este año y dispuesto en forma de diálogo / cpor Pedro Carrillo y Sánchez. aMadrid : bE. Aguado, c1850. a189 p. ; c21 cm.14aEspaña. tCódigo penal, 1850.9152602 4aDerecho penal-zEspaña9117521 aCarrillo y Sánchez, Pedro.9357841 aEspaña. tCódigo penal, 1850.91526024 aES-MaACLjD-1182 c44828d44828 001040708LIBXIXaATENEOMbATENEOMcSVId2008-01-17eSCl0oD-1182p901047178r2023-02-23 00:00:00w2023-02-23yMONANT